000 01098nam a22002657a 4500
005 20100929122212.0
008 100928t xxu||||| |||| 00| 0 hin d
010 _aHIN-90672
020 _c300.00
_a8188693383
035 _aHN-63018
037 _bDBAD / PUB
040 _aDPL
_bHN
082 _a820.8
100 _aतिवारी, किरण
_922145
245 _aनिराला की गद्य-भाषा /
_cकिरण तिवारी
246 _aNirala ki gadhya-bhasha
_bby Kiran Tiwari
260 _aदिल्ली
_bमित्तल एंड संस
_c2010
270 _a80, विजय ब्लॉक, लक्ष्मीनगर
_bदिल्ली
_e110092
_k011-22756734
300 _a200पृ.
_c22सेमी (सजिल्द)
650 _91169
700 _922273
700 _922352
942 _2ddc
_cHN
_h820.8
_mतिवारी
999 _c47972
_d47972